00984nam a22002777a 4500999001500000001000500015003000900020005001700029008004100046020001500087040003800102082001600140100002100156245015000177250001800327260003400345300004100379500002000420650002800440650001800468650004700486700002000533700002700553942001200580952011400592 c2455d24558402BD-DhUAP20200225094735.0200225s2003 si a|||| |||| 001 0 eng d a1844000389 aBD-DhUAPbEngcBD-DhUAPdBD-DhUAP 223a729 WEA aWeaving, Andrew. aUnderstanding modern : bthe modern home as it was and as it is today / cAndrew Weaving and Lisa Freedman ; Photography by Graham Atkins Hughes. aPaperback ed. aLondon : bQuadrille, c2003. a191 pages :billustrations ;c30 cm. aIncludes index. aArchitecture, Domestic. aModernismen.  aModern movement (Architecture)vInfluence. aFreedman, Lisa. aHughes, Graham Atkins. 2ddccBK 00102ddc4070aUAPCLbUAPCLcGeneral Stacksd2020-02-25o729 WEAp3010008402r2020-02-25t1w2020-02-25yBK